Loading...

എഴുതപ്പെട്ടത് /

Bibliografiske detaljer
Hovedforfatter: കുമാരന്‍, യു, കെ
Andre forfattere: Kumaran, U. K.
Format: Printed Book
Sprog:English
Udgivet: കോഴിക്കോട് : ലിപി പബ്നിക്കേഷന്‍സ്, 2006.
Udgivelse:1st ed.
Fag:
LEADER 01111nam a22002297a 4500
008 160606b xxu||||| |||| 00| 0 eng d
020 |a 9788188801749 
082 |a 894.13  |b KUM 
100 |a കുമാരന്‍, യു, കെ. 
240 |a Ezhithapettavathu 
245 |a എഴുതപ്പെട്ടത് /  |c യു. കെ. കുമാരന്‍ 
250 |a 1st ed. 
260 |a കോഴിക്കോട് :  |b ലിപി പബ്നിക്കേഷന്‍സ്,  |c 2006. 
300 |a 152p. 
650 |a Novel 
650 |a നോവല്‍ 
700 |a Kumaran, U. K. 
942 |2 ddc  |c BK 
999 |c 15104  |d 15104 
952 |0 0  |1 0  |2 ddc  |4 0  |6 894_130000000000000_KUM  |7 0  |9 21385  |a MAIN  |b MAIN  |d 2016-06-06  |e Lipi Books  |g 60.00  |o 894.13 KUM  |p 21480  |r 2016-06-06  |t 1  |w 2016-06-06  |y BK 
952 |0 0  |1 0  |2 ddc  |4 0  |6 894_130000000000000_KUM  |7 0  |9 21386  |a MAIN  |b MAIN  |d 2016-06-06  |e Lipi Books  |g 60.00  |o 894.13 KUM  |p 21481  |r 2016-06-06  |t 2  |w 2016-06-06  |y BK 
952 |0 0  |1 0  |2 ddc  |4 0  |6 894_130000000000000_KUM  |7 0  |9 25709  |a MAIN  |b MAIN  |d 2017-05-23  |e Lipi Publications  |g 60.00  |o 894.13 KUM  |p 24689  |r 2017-05-23  |t 3  |w 2017-05-23  |y BK